| 000 | 00553ntaaa2200193 4500 | ||
|---|---|---|---|
| 003 | 01 | ||
| 005 | 20251027202612.0 | ||
| 008 | 0714s1973 ag 01 | ||
| 040 |
_aAR-BaBN _bspa _cAR-BaBN _eaacr _dRIC |
||
| 082 | _a340 Al1 | ||
| 082 | _a340 Al1 (2) | ||
| 100 |
_aAlberdi, Juan B. _925239 |
||
| 245 |
_aBases : _bpuntos de partida para la organización política de la República Argentina / _cJuan B. Alberdi |
||
| 250 | _a1ª ed. | ||
| 260 |
_aBuenos Aires : _bClaridad, _cc1933 |
||
| 300 | _a319 p | ||
| 650 | _aconstitución Argentina | ||
| 942 | _cBK | ||
| 999 |
_c21126 _d21126 |
||